00500 2200193 4500001002100000008004100021035002000062245005600082100001500138250002000153260003000173300002000203020001800223084001900241082001300260650001500273990000900288990000900297INLIS000000000001284 ind  a0010-0425001284 aEnsiklopedia Anak Islam 2bBagdad - IsacNurhasanah aNurhasanah aCetakan pertama bPT Rehal Republika,c2012 a76 hlm.c26 cm. a979-694-967-9 a030.1431 NUR e a030.1431 aNurhasanah a4128 a4129